00510cam a22002051 4500001001300000003000400013005001700017008004100034010001700075025002000092035002000112040002100132050002100153100003400174245002400208260001800232300001900250500001800269999001700287sa 66004463 DLC20260227112242.0940606s1964 ii 000 1 malo  asa 66004463  aPL480:I-Mal-605 a(OCoLC)30562680 aDLCcCUdCUdDLC00aPL4718.9.U58bV51 aUnnithan, Tharayil Divakaran.10aVilayādhāraṃ. a[n.p.,c1964] a149 p.c19 cm. aIn Malayalam. c69438d69438